000 01040cam a22002891a 4500
001 ca 34002088
003 DLC
005 20260227111136.0
007 cr_|||||||||||
008 900201s1876 mau 000 0 eng
010 _aca 34002088
035 _a(OCoLC)21233391
040 _aDLC
_cRPB
_dDLC
042 _apremarc
050 0 0 _aPS1059.B22
_bO6 1876
100 1 _aBaker, George Melville,
_d1832-1890.
245 1 0 _aOne hundred years ago; or, Our boys of 1776. :
_bA patriotic drama in two acts. /
_cBy the author of "Sylvia's soldier," "Once on a time" ...
260 _aBoston :
_bGeorge M. Baker and Company,
_c1876.
300 _a54 p. ;
_c20 cm.
490 1 _aThe Amateur drmaa
500 _aAscribed to George Melville Baker. Cf. NUC pre-1956.
530 _aAlso available in digital form on the Internet Archive Web site.
651 0 _aUnited States
_xHistory
_yRevolution, 1775-1783
_vDrama.
740 0 _aOur boys of 1776.
830 0 _aAmateur drama.
856 4 1 _uhttp://hdl.loc.gov/loc.gdc/scd0001.0015863496A
999 _c17688
_d17688